| Поле | Название | Значение |
| |
Тип записи |
a |
| |
Библиографический уровень |
m |
| 001 |
Контрольный номер |
af4c6d3d1f7c41dc883bb2c8027ca133 |
| 005 |
Дата корректировки |
20140617140708.4 |
| 010 |
Индекс ISBN |
__ |
| a |
ISBN |
5-9531-0043-4 |
| 200 |
Заглавие и сведения об ответственности |
1_ |
| a |
Заглавие |
Экспорт-импорт |
| e |
Сведения, относящиеся к заглавию |
бухгалтерский и налоговый учет |
| f |
Первые сведения об ответственности |
Ульянова, Наталья Витальевна |
| 210 |
Выходные данные |
1_ |
| a |
Место издания |
М. |
| c |
Издательство |
Бератор |
| d |
Дата издания |
2004 |
| 215 |
Физическое описание |
__ |
| a |
Объем |
259 с. |
| 225 |
Серия |
2_ |
| a |
Серия |
Бухгалтерские консультации |
| 610 |
Ключевые слова |
0_ |
| a |
Ключевые слова |
экспорт |
| 610 |
Ключевые слова |
0_ |
| a |
Ключевые слова |
импорт |
| 610 |
Ключевые слова |
0_ |
| a |
Ключевые слова |
налогообложение |
| 610 |
Ключевые слова |
0_ |
| a |
Ключевые слова |
учет денежных средств |
| 610 |
Ключевые слова |
0_ |
| a |
Ключевые слова |
учет импортных товаров |
| 610 |
Ключевые слова |
0_ |
| a |
Ключевые слова |
учет экспортных товаров |
| 610 |
Ключевые слова |
0_ |
| a |
Ключевые слова |
учет товарообменных операций |
| 610 |
Ключевые слова |
0_ |
| a |
Ключевые слова |
НДС |
| 610 |
Ключевые слова |
0_ |
| a |
Ключевые слова |
бартерные сделки |
| 610 |
Ключевые слова |
0_ |
| a |
Ключевые слова |
валютно-финансовое регулирование |
| 686 |
Индексы других классификаций |
__ |
| a |
Классификационный индекс |
65.052.9(2)243 |
| 2 |
Код системы |
rubbk |
| 686 |
Индексы других классификаций |
__ |
| a |
Классификационный индекс |
65.9(2)826 |
| 2 |
Код системы |
rubbk |
| 700 |
Автор |
_1 |
| a |
Фамилия |
Ульянова, Наталья Витальевна |
| 801 |
Источник записи |
_0 |
| a |
Страна |
RU |
| b |
Организация |
РУК |
| c |
Дата составления |
20041019 |
| g |
Правила каталогизации |
PSBO |
| 801 |
Источник записи |
_1 |
| a |
Страна |
RU |
| b |
Организация |
РУК |
| c |
Дата составления |
20041019 |
| g |
Правила каталогизации |
PSBO |
| 852 |
Данные о местонахождении |
__ |
| i |
Авторский знак |
У 51 |
| j |
Шифр хранения |
ББК 65.052 |
| 901 |
Тип документа |
__ |
| t |
Тип документа |
m |
| 938 |
Служебная информация |
__ |
| a |
Название организации |
Головной вуз |
| b |
Имя БД |
BOOK |
| c |
Название АИБС |
АИБС ИРБИС |